Score 0/20 Timer 04:00
1 Play Today
% Correct
Orbiting Frog Otolith
93.6%
Worm charming
92.3%
Chicken eyeglasses
92.3%
Pizza farm
92.2%
List of silent musical compositions
91.9%
Katrina refrigerator
91.2%
Vampire number
91%
Sssssss
91%
The Zombeatles
90.8%
Dump months
90.1%
% Correct
Great Stink
89%
Toilet paper orientation
89%
Tree That Owns Itself
88%
Buttered toast phenomenon
87.9%
Monkey selfie
87.3%
Infinite monkey theorem
85.8%
Pigeon photography
85.7%
Great Molasses Flood
83%
International Talk Like a Pirate Day
81.6%
Flies graveyard
60.8%
Remove Ads.
Support Sporcle.
Get the best of Sporcle when you Go Orange. This ad-free experience offers more features, more stats, and more fun while also helping to support Sporcle. Thank you for becoming a member.

You're not logged in!

Compare scores with friends on all Sporcle quizzes.
OR
Log In

Show Comments

Extras

Top Quizzes Today


Score Distribution

Your Account Isn't Verified!

In order to create a playlist on Sporcle, you need to verify the email address you used during registration. Go to your Sporcle Settings to finish the process.

Report this User

Report this user for behavior that violates our Community Guidelines.

Details: